| 000 | 00509nam a2200157Ia 4500 | ||
|---|---|---|---|
| 008 | 241217s9999||||xx |||||||||||||| ||und|| | ||
| 020 |
_a9781516575305 _c1334.5 |
||
| 040 |
_beng _cSSK Library _erda |
||
| 082 | _a624.18/SCH | ||
| 100 | _a Kathryn E. Schulte Grahame, Steven W. Cranford, Craig M. Shillaber, & Matthew J. - | ||
| 245 | 0 | _aEssentials Of Civil Engineering Materials | |
| 260 |
_b Cognella, Inc. _c©2020 |
||
| 942 |
_2Dewey Decimal Classification _cBOOK _nNo |
||
| 999 |
_c28280 _d28280 |
||
| 003 | OSt | ||
| 005 | 20241217113108.0 | ||